| 000 | 00848nam a2200241 i 4500 | ||
|---|---|---|---|
| 005 | 20180803165418.0 | ||
| 008 | 160108s2007 ck |||||r|||| 00| 0 spa d | ||
| 040 |
_aCO-BoIAVH _cCO-BoIAVH |
||
| 041 | 0 | _aspa | |
| 044 | _ack | ||
| 082 | 0 | 4 |
_a333.918 _bC82p |
| 110 | 2 | _bCorporación Autónoma Regional de los Valles del Sinú y del San Jorge, CVS | |
| 245 | _aPlan de manejo y ordenamiento ambiental del complejo cenagoso del bajo Sinú | ||
| 260 |
_aMedellin : _bCVS, _c2007 |
||
| 300 |
_a232 páginas ; _c27 cm. |
||
| 650 | 1 | 4 |
_aGestión ambiental _zSinú (Colombia) |
| 650 | _aOrdenamiento ambiental | ||
| 650 | 2 | 4 |
_aHumedales _zSinú (Colombia) |
| 650 | _aEcosistemas | ||
| 650 | _aGestión ambiental | ||
| 710 | 2 | _aUniversidad Nacional de Colombia. Sede Medellín | |
| 942 |
_cLIBRO _2ddc |
||
| 999 |
_c6939 _d6939 |
||